INDOVINA L'ANIMALE DALL'OCCHIO 2# - Statistics

Statistiche generali
  • Questo quiz è stato fatto 43 volte
  • Il punteggio medio è 7 su 16
Statistiche sulle risposte
con Immagini Risposta % Corretto
GORILLA
93%
COCCODRILLO
86%
GHEPARDO
86%
SQUALO
74%
GATTO
60%
BALENA
57%
POLPO
55%
MAIALE
38%
CAPRA
33%
PANGOLINO
29%
GECO
24%
SCIACALLO
12%
BONOBO
10%
CARACAL
7%
INDRI
5%
TAIPAN
2%
Nessun quiz corrispondente trovato
Distribuzione punteggi
Percentuale di utenti per punteggio
Percentile per numero di risposta
I tuoi punteggi nel tempo
Non hai fatto questo quiz